Adivinhe a música da Taylor Swift sem dicas #15 - Statistics

Estatísticas Gerais
  • Esse quiz foi jogado 132 vezes
  • A pontuação média é 165 de 308
Estatísticas das Respostas
Resposta % Correto
I
99%
(I
99%
you
95%
You
95%
me
90%
me)
90%
a
88%
the
84%
The
84%
love
81%
My
80%
my
80%
on
80%
is
78%
Is
78%
do
77%
to
76%
your
75%
in
74%
No
74%
(no
74%
be
72%
And
71%
and
71%
go
70%
it
70%
don't
67%
this
65%
say
61%
that
61%
That
61%
what
61%
All
58%
(all
58%
at
58%
they
58%
of
57%
I'm
56%
just
56%
too
56%
if
55%
ever
52%
feel
52%
feel)
52%
one
51%
want
50%
Get
49%
(get
49%
see
49%
see)
49%
up
49%
with
49%
Oh,
48%
oh,
48%
Oh
48%
(oh,
48%
stay
46%
haze
43%
haze,
43%
lavender
43%
from
42%
girl
42%
much
42%
read
42%
wanna
41%
shit
39%
been
38%
But
38%
Meet
38%
off
38%
people
38%
(yeah,
38%
yeah)
38%
I've
37%
night
37%
give
36%
midnight
35%
only
35%
(only
35%
damn
34%
deal,
34%
deal
34%
deal),
34%
need
32%
new
32%
Talk
32%
talk
32%
creepin'
31%
gonna
31%
or
31%
askin'
30%
into
30%
keep
30%
really
30%
bride
28%
chest
28%
desk
27%
desk)
27%
kind
27%
1950s
26%
Starin'
25%
Surreal,
25%
under
25%
wife
25%
melancholia
24%
viral
24%
even
22%
history
22%
spiral
22%
ceilin'
21%
damned
20%
listening
19%
beautifully
18%
find
17%
handle
17%
scrutiny
17%
They're
17%
bringin'
16%
dizzying
16%
aren't
11%
1950s
8%
Nenhum quiz correspondente encontrado
Distribuição das Pontuações
Porcentagem de Pessoas com Cada Pontuação
Percentil de Números Respondidos
Sua Pontuação Histórica
Você não jogou esse quiz